| 000 | 00812nam a22002535a 4500 | ||
|---|---|---|---|
| 008 | 080908t2000 e a frb 001 0 eng d | ||
| 010 | _a010035764 | ||
| 020 | _a0077095529 (pbk.) | ||
| 020 | _a9780077095529 | ||
| 040 |
_aEG-ScBUE _beng _cEG-ScBUE |
||
| 082 | 0 | 4 |
_a380.10285 _bWHI _222 |
| 100 | 1 |
_aWhiteley, David, _928286 |
|
| 245 | 1 | 0 |
_aE-commerce : _b strategy, technologies and applications / _cDavid Whiteley. |
| 260 |
_aLondon : _bMcGraw-Hill, _cc. 2000. |
||
| 300 |
_axvi, 259 p. : _b ill. ; _c25 cm. |
||
| 490 | 0 | _aInformation Systems Series. | |
| 500 | _aIndex : p. 253-259. | ||
| 504 | _aBibliography : p. 247-252. | ||
| 590 | _aMenna Elemam | ||
| 650 |
_aElectronic commerce. _928288 _2BUEsh |
||
| 651 | _2BUEsh | ||
| 653 |
_bBUSADM _cAugust2015 |
||
| 942 |
_cBB _k380.10285 WHI _2ddc |
||
| 999 |
_c8973 _d8973 |
||